000
00215nam a2200097Ia 4500
005
20251222114410.0
008
251222s1900||||xx |||||||||||||| ||spa||
082
_a
DVD0093/M86/1989
245
0
_a
Roger y Me
942
_c
DVD
999
_c
1996
_d
1996